| Tag |
First Indicator |
Second Indicator |
Subfields |
| LEADER |
00000cam a2200000 a 4500 |
| 001 |
in00003284530 |
| 005 |
20151205114445.0 |
| 008 |
110729s2012 ilu d 000 1 eng |
| 010 |
|
|
|a 2011022672
|
| 019 |
|
|
|a 779255871
|
| 020 |
|
|
|a 9780807529485 (hardcover)
|
| 020 |
|
|
|a 0807529486 (hardcover)
|
| 029 |
1 |
|
|a AU@
|b 000047488024
|
| 035 |
|
|
|a (OCoLC)ocn745609386
|
| 035 |
|
|
|a (OCoLC)745609386
|
| 040 |
|
|
|a DLC
|b eng
|c DLC
|d IG#
|d OJ4
|d BDX
|d BTCTA
|d B@L
|d VP@
|d JRS
|d YDXCP
|d WEA
|d OCLCO
|d UIU
|d OCLCO
|d UtOrBLW
|
| 042 |
|
|
|a lcac
|
| 043 |
|
|
|a f-ua---
|
| 049 |
|
|
|a TXAM
|
| 050 |
0 |
0 |
|a PZ7.P42489
|b Gl 2012
|
| 082 |
0 |
0 |
|a [Fic]
|2 23
|
| 100 |
1 |
|
|a Perera, Anna.
|
| 245 |
1 |
4 |
|a The glass collector /
|c Anna Perera.
|
| 264 |
|
1 |
|a Chicago :
|b Albert Whitman,
|c 2012.
|
| 300 |
|
|
|a 293 pages ;
|c 21 cm.
|
| 336 |
|
|
|a text
|b txt
|2 rdacontent
|
| 337 |
|
|
|a unmediated
|b n
|2 rdamedia
|
| 338 |
|
|
|a volume
|b nc
|2 rdacarrier
|
| 520 |
|
|
|a A fifteen-year-old boy lives amongst the rubbish piles in the slums of Cairo and collects broken glass while hoping to find a future he can believe in.
|
| 650 |
|
1 |
|a Poverty
|v Fiction.
|
| 650 |
|
1 |
|a Refuse and refuse disposal
|v Fiction.
|
| 650 |
|
1 |
|a Recycling (Waste)
|v Fiction.
|
| 651 |
|
1 |
|a Cairo (Egypt)
|v Fiction.
|
| 651 |
|
1 |
|a Egypt
|v Fiction.
|
| 650 |
|
0 |
|a Poverty
|v Juvenile fiction.
|
| 650 |
|
0 |
|a Refuse and refuse disposal
|v Juvenile fiction.
|
| 650 |
|
0 |
|a Recycling (Waste)
|v Juvenile fiction.
|
| 650 |
|
0 |
|a Recycling (Waste, etc.)
|v Juvenile fiction.
|
| 651 |
|
0 |
|a Cairo (Egypt)
|v Juvenile fiction.
|
| 651 |
|
0 |
|a Egypt
|v Juvenile fiction.
|
| 650 |
|
7 |
|a Poverty
|v Fiction.
|2 sears
|
| 650 |
|
7 |
|a Refuse and refuse disposal
|v Fiction.
|2 sears
|
| 650 |
|
7 |
|a Recycling
|v Fiction.
|2 sears
|
| 651 |
|
7 |
|a Cairo (Egypt)
|v Fiction.
|2 sears
|
| 651 |
|
7 |
|a Egypt
|v Fiction.
|2 sears
|
| 938 |
|
|
|a Ingram
|b INGR
|n 9780807529485
|
| 938 |
|
|
|a Brodart
|b BROD
|n 13667181
|c $17.99
|
| 938 |
|
|
|a YBP Library Services
|b YANK
|n 7640096
|
| 947 |
|
|
|a A14835889973
|
| 945 |
|
|
|a PromptCat
|b 361589
|
| 946 |
|
|
|a curr
|
| 994 |
|
|
|a 92
|b TXA
|
| 948 |
|
|
|a Cataloged
|b h
|c 2013/6/12
|d c
|e EGrant
|
| 999 |
|
|
|a MARS
|
| 999 |
f |
f |
|s 5281a307-a65d-3775-a2b7-87e085e1de8c
|i 397ecdf4-0b50-3df1-9276-00f5470ebb19
|t 0
|
| 952 |
f |
f |
|p normal
|a Texas A&M University
|b College Station
|c Sterling C. Evans Library
|d Evans: Curriculum Collection (4th floor)
|t 0
|e PZ7.P42489 Gl 2012
|h Library of Congress classification
|i unmediated -- volume
|m A14835889973
|
| 998 |
f |
f |
|a PZ7.P42489 Gl 2012
|t 0
|l Evans: Curriculum Collection (4th floor)
|